Sports Quiz

Random Sports or MLB Quiz

1992 MLB Saves Leaders Quiz Stats

 Plays Quiz not verified by Sporcle

Support Sporcle.
Go Orange.
Score 0/33 Timer 12:00
0 Plays Today
Team Answer % Correct
Oakland AthleticsDennis Eckersley
98.4%
St. Louis CardinalsLee Smith
95.2%
Toronto Blue JaysTom Henke
90.3%
Minnesota TwinsRick Aguilera
87.1%
Montreal ExposJohn Wetteland
85.5%
Houston AstrosDoug Jones
85.5%
Boston Red Sox/Atlanta BravesJeff Reardon
85.5%
Chicago White SoxBobby Thigpen
85.5%
Kansas City RoyalsJeff Montgomery
82.3%
San Diego PadresRandy Myers
82.3%
Philadelphia PhilliesMitch Williams
82.3%
New York MetsJohn Franco
82.3%
Baltimore OriolesGregg Olson
79%
Cincinnati RedsRob Dibble
77.4%
Toronto Blue JaysDuane Ward
71%
Cincinnati RedsNorm Charlton
69.4%
San Francisco GiantsRod Beck
67.7%
Team Answer % Correct
California AngelsBryan Harvey
61.3%
Texas Rangers/Oakland AthleticsJeff Russell
59.7%
Chicago White SoxRoberto Hernandez
59.7%
Detroit TigersMike Henneman
58.1%
Atlanta BravesAlejandro Pena
56.5%
Pittsburgh PiratesStan Belinda
50%
Montreal ExposMel Rojas
50%
New York YankeesSteve Farr
45.2%
Cleveland IndiansSteve Olin
40.3%
Los Angeles DodgersRoger McDowell
33.9%
Seattle MarinersMike Schooler
33.9%
Milwaukee BrewersDoug Henry
21%
New York MetsAnthony Young
19.4%
California AngelsJoe Grahe
14.5%
Chicago White SoxScott Radinsky
12.9%
Chicago CubsBob Scanlan
9.7%

You're not logged in!

Compare scores with friends on all Sporcle quizzes.
OR
Log In

From the Vault

Criteria 'I' Cities

by BoggelTeam

If we put Sauron's tower in them, do they become 'Eye' Cities?
Remove Ads.
Support Sporcle.
Get the best of Sporcle when you Go Orange. This ad-free experience offers more features, more stats, and more fun while also helping to support Sporcle. Thank you for becoming a member.

Show Comments

Extras

Created Jan 8, 2016ReportNominate
Tags:MLB Quiz, 1992, Leader, least, Save, Saved, season, team

Top Quizzes Today


Score Distribution

Your Account Isn't Verified!

In order to create a playlist on Sporcle, you need to verify the email address you used during registration. Go to your Sporcle Settings to finish the process.

Report this User

Report this user for behavior that violates our Community Guidelines.

Details: